000 00569nam a2200169 a 4500
001 1151
005 20140414131846.0
008 041022s19uu xx 00 eng d
050 _aM 428.6
_bC62 1969
100 _aClymer, Theodore
245 _aWith skies and wings /
_cTheodore Clymer ; Gretchen Wulfing.
260 _aLexington, MA :
_bGinn,
_c1969.
300 _a336 p. ; cm.
500 _aContents: Our Great Bright Land--Across the Seas--A Feast of Sun--Spaceships and Explorers--In your own backyard-Wise or Foolish.
650 _aReading.
999 _c109952
_d109952